Capitales d'Océanie aléatoires - Statistiques

Statistiques générales
  • Ce quiz a été pris 394 fois
  • Le résultat moyen est 11 sur 14
Statistiques - réponses
Hint Réponse % Correct
Australie Canberra
97%
Nouvelle-Zélande Wellington
92%
Papouasie-Nouvelle-Guinée Port-Moresby
89%
Fidji Suva
86%
Samoa Apia
85%
Vanuatu Port-Vila
83%
Nauru Yaren
81%
Tuvalu Funafuti
79%
Tonga Nuku'alofa
79%
Micronesie Palikir
79%
Îles Marshall Majuro
78%
Palaos Ngerulmud
75%
Kiribati Tarawa
75%
Îles Salomon Honiara
73%
Aucun quiz correspondant
Distribution des résultats
% des personnes avec chaque résultat
Percentile par nombre de réponses
Votre historique - résultats
Vous n’avez pas pris ce quiz